| 000 | 00909 a2200253 4500 | ||
|---|---|---|---|
| 003 | OSt | ||
| 005 | 20230420115947.0 | ||
| 008 | 220811b2013 mx ad||f |||| 001 0 spa d | ||
| 020 | _a9786071713803 | ||
| 040 | _cCHAP | ||
| 082 | 0 | 0 |
_a631.51 _bP92 2013 _222 |
| 245 | 0 | 0 |
_aPreparación de tierras agrícolas / _cbasado en el trabajo de Johan D. Berlijn, con la colaboración de Pieter M.Rijk, [ y otros]. |
| 250 | _aCuarta edición | ||
| 264 | 1 |
_aMéxico: _bTrillas: _bSEP, _c2013. |
|
| 300 |
_a72 páginas _bilustraciones, cuadros, gráficas |
||
| 490 | 1 | _aManuales para educación agropecuaria. | |
| 504 | _aIncluye índice y bibliografía | ||
| 650 | 4 |
_9110431 _aSuelos _xMejoramiento |
|
| 650 | 4 |
_964303 _aLabranza |
|
| 650 | 4 |
_9133360 _aSuelos _xNutrición |
|
| 700 | 1 |
_9151764 _aBerlijin, Johan D |
|
| 830 | 0 |
_970691 _aManuales para educación agropecuaria. _pMecánica agrícola |
|
| 942 |
_2ddc _cLIBRO |
||
| 999 |
_c217523 _d217523 |
||